عرض عادي
عرض مارك
- Regionalism
دخول Topical Term
001 - CONTROL NUMBER
- control field: 28326
003 - CONTROL NUMBER IDENTIFIER
- control field: AE-AdECS
005 - DATE AND TIME OF LATEST TRANSACTION
- control field: 20260403105029.0
008 - FIXED-LENGTH DATA ELEMENTS
- fixed length control field: 260403|| aca||aabn | a|a d
040 ## - CATALOGING SOURCE
- Original cataloging agency: AE-AdECS
- Transcribing agency: AE-AdECS
150 ## - HEADING--TOPICAL TERM
- Topical term or geographic name entry element: Regionalism
- Geographic subdivision: Africa, Southern
670 ## - SOURCE DATA FOUND
- Source citation: Work cat.: (AE-AdECS)294656: Alharbi, Yusra, author. 28325, Pathways to Effective Regionalism :
